header

Healing the wound (Record no. 218854)

MARC details
000 -LEADER
fixed length control field 01241nam a2200313Ia 4500
245 00 - TITLE STATEMENT
Title Healing the wound
260 ## - PUBLICATION, DISTRIBUTION, ETC. (IMPRINT)
Place of publication Nairobi :
Name of publisher Twaweza Communications,
Year of publication c2009.
300 ## - PHYSICAL DESCRIPTION
Number of Pages 318 p. :
Other physical details ill.
650 #0 - SUBJECT ADDED ENTRY--TOPICAL TERM
Topical Term Elections
Topical Term Ethnic conflict
Topical Term Political violence
700 1# - ADDED ENTRY--PERSONAL NAME
Personal name Njogu, Kimani.
856 40 - ELECTRONIC LOCATION AND ACCESS
Uniform Resource Identifier http://site.ebrary.com/lib/rucke/Doc?id=10365021

No items available.

© 2026 Rongo University
Contact us: librarian | system librarian | Rongo university